| 000 | 00392nam a22001337a 4500 | ||
|---|---|---|---|
| 020 | _a0845347713 | ||
| 082 |
_a060.42 _bRAY |
||
| 100 | _aM. Stanley Ryan. | ||
| 245 |
_aParliamentary procedure: _bessential principles / _cM. Stanley Ryan |
||
| 260 |
_aNew York : _bCornwall Books: _c1985. |
||
| 300 |
_a227 pages _c22 cm. |
||
| 650 |
_aParliamentary procedure _9128084 |
||
| 942 |
_2ddc _cBK |
||
| 999 |
_c613115 _d613115 |
||